| 000 | 00860nam a2200265 a 4500 | ||
|---|---|---|---|
| 008 | |||
| 020 | _a9781138910119 (paperback) | ||
| 040 |
_aNUST _cNUST |
||
| 049 | _aMAIN | ||
| 090 |
_aREF LB2322.2 _bDEB |
||
| 100 | 1 |
_aDebowski, Shelda., _aauthor. |
|
| 245 | 1 | 0 |
_aDeveloping academics : _bthe essential higher education handbook/ _c Shelda Debowski. |
| 260 |
_aAbingdon, Oxon : _bRoutledge, _c2017. |
||
| 300 |
_axxiv, 330 pages : _billustrations ; _c24 cm. |
||
| 336 |
_atext _btxt _2rdacontent |
||
| 337 |
_aunmediated _bn _2rdamedia |
||
| 338 |
_avolume _bnc _2rdacarrier |
||
| 500 | _aIncludes index. | ||
| 504 | _aIncludes bibliographical references. | ||
| 650 | 1 | _aEducation, Higher. | |
| 907 |
_a.b10404466 _b09-07-21 _c10-06-21 |
||
| 003 | |||
| 005 | 20230123141202.0 | ||
| 942 |
_cBOOKS _kREF LB2322.2 _mDEB |
||
| 999 |
_c169140 _d169140 |
||